Present and Future of Outsourcing and Business Services in New EU Member States

Teoretický prehľad pojmu obchodné služby a outsourcing. Ekonomika podniku a outsourcing. Výhody outsourcingu. Súčasná situácia v outsourcingu. Meranie outsourcingu cez obchodné služby. Budúcnosť outsourcingu.

Guardado en:
Detalles Bibliográficos
Autor principal: Holubcová, Ivana, 1982-
Otros Autores: Michalová, Valéria
Formato: Capítulo de libro
Lenguaje:inglés
Materias:
Etiquetas: Agregar Etiqueta
Sin Etiquetas, Sea el primero en etiquetar este registro!

MARC

LEADER 00000nla$a2200000$$$4500
001 0082649
005 20240502083219.8
041 0 |a eng 
044 |a LT 
245 1 0 |a Present and Future of Outsourcing and Business Services in New EU Member States  |c Ivana Holubcová, Valéria Michalová 
520 |a Teoretický prehľad pojmu obchodné služby a outsourcing. Ekonomika podniku a outsourcing. Výhody outsourcingu. Súčasná situácia v outsourcingu. Meranie outsourcingu cez obchodné služby. Budúcnosť outsourcingu. 
610 2 0 |a outsourcing 
610 2 0 |a služby obchodné 
610 2 0 |a pojmy 
610 2 0 |a Európska únia 
610 2 0 |a Slovensko 
100 1 |a Holubcová, Ivana, 1982- 
700 1 |a Michalová, Valéria